[Event "Gibraltar Masters 18th"]
[Site "Caleta"]
[Date "2020.01.29"]
[Round "9"]
[White "Vega Gutierrez, Belinda Vidina"]
[Black "Benmesbah, Natacha"]
[Result "0-1"]
[WhiteElo "2132"]
[BlackElo "2258"]
[PlyCount "76"]
[EventDate "2020.01.21"]
[EventType "swiss"]
[EventRounds "10"]
[EventCountry "GGB"]
[SourceTitle "CBM 194 Extra"]
[Source "ChessBase"]
[SourceDate "2020.03.31"]
[SourceVersion "1"]
[SourceVersionDate "2020.03.31"]
[SourceQuality "1"]

1. e4 c5 2. Nf3 Nc6 3. d4 cxd4 4. Nxd4 Nf6 5. Nc3 e5 6. Ndb5 d6 7. Bg5 a6 8. Na3 Be6 9. Nc4 Rb8 10. Ne3 Be7 11. Bxf6 Bxf6 12. Ncd5 Bg5 13. c3 0-0 14. Be2 Bxe3 15. Nxe3 Ne7 16. 0-0 Qb6 17. Qd2 Rbd8 18. Nd5 Bxd5 19. exd5 f5 20. a4 Ng6 21. a5 Qc7 22. Ra4 e4 23. f4 exf3 24. Bxf3 Ne5 25. Be2 Rde8 26. Rb4 Re7 27. Ra1 Rfe8 28. h3 Nd7 29. Bd3 g6 30. Rc4 Qd8 31. b4 Re3 32. Rd4 Qg5 33. Rf1 Qg3 34. c4 Ne5 35. Be2 Nf7 36. Bd1 Ng5 37. Kh1 Nxh3 38. c5 Re1 0-1

[Event "ESP-ch 84th"]
[Site "Marbella"]
[Date "2019.11.22"]
[Round "7"]
[White "Perea Fruet, Lorenzo"]
[Black "Vega Gutierrez, Belinda Vidina"]
[Result "1/2-1/2"]
[WhiteElo "1582"]
[BlackElo "2161"]
[PlyCount "143"]
[EventDate "2019.11.16"]
[EventType "swiss"]
[EventRounds "9"]
[EventCountry "ESP"]
[SourceTitle "CBM 193 Extra"]
[Source "ChessBase"]
[SourceDate "2020.01.31"]
[SourceVersion "1"]
[SourceVersionDate "2020.01.31"]
[SourceQuality "1"]

1. e4 e5 2. Nf3 Nc6 3. Nc3 Nf6 4. d4 exd4 5. Nxd4 Bb4 6. Nxc6 bxc6 7. Bd3 d5 8. exd5 cxd5 9. 0-0 0-0 10. Bg5 c6 11. Qf3 Bd6 12. Ne2 Be5 13. Rab1 Qd6 14. h3 Nd7 15. c3 Nc5 16. Bc2 Ba6 17. Rfd1 Ne6 18. Bh4 Rfe8 19. Ng3 g6 20. Qg4 Bg7 21. Ne4 Qf4 22. Qxf4 Nxf4 23. Nc5 Bc4 24. Bb3 Bxb3 25. Nxb3 a5 26. Nd4 Ne2+ 27. Nxe2 Rxe2 28. Kf1 Re4 29. Bg5 a4 30. Rd3 f5 31. f3 Re6 32. Re1 Rxe1+ 33. Kxe1 Rb8 34. Bc1 Kf7 35. Kd1 Ke6 36. Kc2 Be5 37. Be3 f4 38. Bd4 Bd6 39. Bg1 c5 40. Bh2 g5 41. Rd1 c4 42. Bg1 h5 43. Bd4 Rg8 44. Rh1 Kf5 45. Bf2 g4 46. hxg4+ hxg4 47. Rh5+ Ke6 48. Rh2 Kd7 49. Bd4 Kc6 50. a3 gxf3 51. gxf3 Rg3 52. Rf2 Bc5 53. Kd2 Kb5 54. Kc2 Rh3 55. Kd2 Rg3 56. Kc2 Rh3 57. Kd2 Rh1 58. Kc2 Bxd4 59. cxd4 Re1 60. Rh2 c3 61. b3 axb3+ 62. Kxb3 Re3 63. a4+ Ka5 64. Rh5 c2+ 65. Kxc2 Kxa4 66. Rxd5 Kb4 67. Rf5 Rxf3 68. Kd2 Kc4 69. Ke2 Re3+ 70. Kf2 Re4 71. Kf3 Kxd4 72. Rxf4 1/2-1/2

[Event "ESP-chT CECLUB Honor"]
[Site "Linares"]
[Date "2019.10.05"]
[Round "6.1"]
[White "Arabidze, Meri"]
[Black "Vega Gutierrez, Belinda Vidina"]
[Result "1-0"]
[WhiteElo "2398"]
[BlackElo "2152"]
[PlyCount "101"]
[EventDate "2019.09.30"]
[EventType "team-tourn"]
[EventRounds "7"]
[EventCountry "ESP"]
[SourceTitle "EXT 2020"]
[Source "ChessBase"]
[SourceDate "2019.10.17"]
[SourceVersion "1"]
[SourceVersionDate "2019.10.17"]
[SourceQuality "1"]
[WhiteTeam "Solvay"]
[BlackTeam "Santa Lucia Grandama"]
[WhiteTeamCountry "ESP"]
[BlackTeamCountry "ESP"]

1. d4 d5 2. c4 e6 3. Nf3 Nf6 4. Nc3 Be7 5. Bf4 0-0 6. a3 dxc4 7. e3 a6 8. Bxc4 b5 9. Ba2 Bb7 10. Rc1 Nbd7 11. 0-0 c5 12. Qe2 cxd4 13. exd4 Rc8 14. Rfe1 b4 15. axb4 Bxb4 16. Red1 Nb6 17. Bg5 h6 18. Bh4 Qe7 19. Ne5 Bxc3 20. bxc3 Nbd5 21. Bxd5 exd5 22. Bxf6 gxf6 23. Qg4+ Kh7 24. Qf5+ Kg7 25. Ng4 Qe6 26. Qf4 f5 27. Re1 Qg6 28. Ne3 Kh7 29. Nxf5 Qg5 30. Qf3 Rc6 31. h4 Qf6 32. Qd3 Kh8 33. Re5 Re6 34. Rce1 Bc8 35. h5 Rxe5 36. Rxe5 Bxf5 37. Rxf5 Qe6 38. Qf3 a5 39. Rf6 Qe1+ 40. Kh2 Qc1 41. Qxd5 a4 42. Qd6 Kg7 43. Rf4 Rg8 44. Qf6+ Kh7 45. Qxf7+ Rg7 46. Qf5+ Kh8 47. Qe5 Kh7 48. Qe4+ Kg8 49. Qd5+ Kh7 50. Rf8 Qc2 51. Qa8 1-0

[Event "ESP-chT CECLUB Honor"]
[Site "Linares"]
[Date "2019.10.01"]
[Round "2.1"]
[White "Bivol, Alina"]
[Black "Vega Gutierrez, Belinda Vidina"]
[Result "1-0"]
[WhiteElo "2371"]
[BlackElo "2152"]
[PlyCount "53"]
[EventDate "2019.09.30"]
[EventType "team-tourn"]
[EventRounds "7"]
[EventCountry "ESP"]
[SourceTitle "EXT 2020"]
[Source "ChessBase"]
[SourceDate "2019.10.17"]
[SourceVersion "1"]
[SourceVersionDate "2019.10.17"]
[SourceQuality "1"]
[WhiteTeam "Extremadura Magic"]
[BlackTeam "Santa Lucia Grandama"]
[WhiteTeamCountry "ESP"]
[BlackTeamCountry "ESP"]

1. c4 c6 2. d4 d5 3. Nc3 e6 4. Nf3 dxc4 5. a4 Bb4 6. g3 Ne7 7. Bg2 c5 8. 0-0 0-0 9. dxc5 Nbc6 10. Qc2 Qa5 11. Ne4 f5 12. Nd6 Qxc5 13. Nb5 Nd5 14. e4 fxe4 15. Ng5 Ne5 16. Qxe4 Nf6 17. Qc2 h6 18. Ne4 Qe7 19. Bf4 Nd3 20. Nxf6+ Rxf6 21. Be3 a6 22. Na3 Ne5 23. Nxc4 Ng4 24. Nb6 Nxe3 25. fxe3 Rxf1+ 26. Rxf1 Rb8 27. Qg6 1-0

[Event "ESP-ch rapid"]
[Site "Linares"]
[Date "2019.08.24"]
[Round "5"]
[White "Fernandez Lopez, Ruben"]
[Black "Vega Gutierrez, Belinda Vidina"]
[Result "0-1"]
[WhiteElo "2242"]
[BlackElo "2133"]
[PlyCount "118"]
[EventDate "2019.08.24"]
[EventType "swiss (rapid)"]
[EventRounds "9"]
[EventCountry "ESP"]
[SourceTitle "EXT 2020"]
[Source "ChessBase"]
[SourceDate "2019.10.17"]
[SourceVersion "1"]
[SourceVersionDate "2019.10.17"]
[SourceQuality "1"]

1. e4 e5 2. Nf3 Nc6 3. Bc4 Nf6 4. d3 Be7 5. 0-0 0-0 6. a4 d6 7. a5 a6 8. Nbd2 Be6 9. Re1 Bxc4 10. dxc4 Nd7 11. Nf1 Nc5 12. Ng3 g6 13. Bh6 Re8 14. Nd2 Bg5 15. Bxg5 Qxg5 16. Ndf1 Ne6 17. Ne3 Nf4 18. Nd5 Rac8 19. c3 h5 20. Qf3 Ne7 21. Nxf4 Qxf4 22. Qxf4 exf4 23. Ne2 g5 24. Rad1 Ng6 25. Nd4 Re5 26. b4 Rce8 27. f3 Ne7 28. Kf2 Kg7 29. Nb3 Kg6 30. c5 d5 31. Rd4 f5 32. Nd2 dxe4 33. fxe4 Nc6 34. Nc4 Rxe4 35. Rexe4 Rxe4 36. Rxe4 fxe4 37. g3 Kf5 38. h3 h4 39. g4+ Ke6 40. Ke2 Kd5 41. Nd2 Ne5 42. Nb3 Nf3 43. Nd2 Nxd2 44. Kxd2 Kc4 45. Ke2 c6 46. Kd2 f3 47. Ke3 Kxc3 48. b5 Kc4 49. bxa6 bxa6 50. Kf2 Kxc5 51. Ke3 Kd5 52. Kf2 Kd4 53. Kf1 e3 54. Kg1 Kd3 55. Kf1 Kd2 56. Kg1 e2 57. Kh2 f2 58. Kg2 f1Q+ 59. Kh2 Qf2+ 0-1

[Event "ESP-ch rapid"]
[Site "Linares"]
[Date "2019.08.24"]
[Round "9"]
[White "Meneses Gonzalez, Kevin Moises"]
[Black "Vega Gutierrez, Belinda Vidina"]
[Result "1-0"]
[WhiteElo "2251"]
[BlackElo "2133"]
[PlyCount "103"]
[EventDate "2019.08.24"]
[EventType "swiss (rapid)"]
[EventRounds "9"]
[EventCountry "ESP"]
[SourceTitle "EXT 2020"]
[Source "ChessBase"]
[SourceDate "2019.10.17"]
[SourceVersion "1"]
[SourceVersionDate "2019.10.17"]
[SourceQuality "1"]

1. Nf3 Nf6 2. g3 b6 3. Bg2 Bb7 4. 0-0 e6 5. c4 Be7 6. b3 0-0 7. Bb2 d5 8. e3 Nbd7 9. Qe2 a5 10. Nc3 dxc4 11. bxc4 a4 12. Rad1 a3 13. Ba1 Nc5 14. d3 Nfd7 15. Qc2 Nf6 16. e4 Qe8 17. Nb5 Qd8 18. Rfe1 Na4 19. e5 Nd7 20. d4 c6 21. Nd6 Bxd6 22. exd6 Nf6 23. c5 h6 24. Ne5 Nd5 25. Rb1 Ra7 26. Re4 Qe8 27. Rg4 Nf6 28. Rh4 Nd5 29. Rb3 Nb2 30. Bxb2 axb2 31. Qxb2 Qa8 32. a3 b5 33. Bxd5 exd5 34. Qc1 Bc8 35. Nd3 Bf5 36. Nb4 Be4 37. Re3 Bg6 38. Rf4 Re8 39. Rff3 Re4 40. Rxe4 Bxe4 41. Re3 Bg6 42. Qe1 Kh7 43. Re8 Qb7 44. Re7 Qa8 45. Rxa7 Qxa7 46. Nxc6 Qd7 47. Ne5 Qe6 48. d7 Qe7 49. c6 Bf5 50. Qb4 Qxb4 51. axb4 f6 52. d8Q 1-0

[Event "ESP-ch rapid"]
[Site "Linares"]
[Date "2019.08.24"]
[Round "8"]
[White "Vega Gutierrez, Belinda Vidina"]
[Black "De la Villa Garcia, Jesus Maria"]
[Result "1-0"]
[WhiteElo "2133"]
[BlackElo "2456"]
[PlyCount "63"]
[EventDate "2019.08.24"]
[EventType "swiss (rapid)"]
[EventRounds "9"]
[EventCountry "ESP"]
[SourceTitle "EXT 2020"]
[Source "ChessBase"]
[SourceDate "2019.10.17"]
[SourceVersion "1"]
[SourceVersionDate "2019.10.17"]
[SourceQuality "1"]

1. e4 c5 2. Nf3 Nc6 3. d4 cxd4 4. Nxd4 Nf6 5. Nc3 e6 6. Ndb5 d6 7. Bf4 e5 8. Bg5 a6 9. Na3 Be6 10. Nc4 Rb8 11. Ne3 Be7 12. Bxf6 Bxf6 13. g3 Bg5 14. Ned5 0-0 15. Bg2 Kh8 16. 0-0 g6 17. a3 Rc8 18. Qd3 Nd4 19. f4 Bh6 20. Rf2 Bd7 21. a4 Bg7 22. f5 Bc6 23. Raf1 b5 24. axb5 axb5 25. b4 Ra8 26. f6 Bh6 27. Ne7 Ra3 28. Nxc6 Nxc6 29. Rb1 Qb6 30. Nd5 Qa7 31. c3 Rc8 32. Qxb5 1-0

[Event "Iberoamerican-ch 7th"]
[Site "Linares"]
[Date "2019.08.13"]
[Round "4"]
[White "Garcia Martin, Marta"]
[Black "Vega Gutierrez, Belinda Vidina"]
[Result "1-0"]
[WhiteElo "2313"]
[BlackElo "2133"]
[PlyCount "87"]
[EventDate "2019.08.10"]
[EventType "swiss"]
[EventRounds "9"]
[EventCountry "ESP"]
[SourceTitle "CBM 191 Extra"]
[Source "ChessBase"]
[SourceDate "2019.09.30"]
[SourceVersion "1"]
[SourceVersionDate "2019.09.30"]
[SourceQuality "1"]

1. e4 e5 2. Nf3 Nc6 3. Bc4 Nf6 4. d3 Be7 5. 0-0 0-0 6. Re1 d6 7. a4 Be6 8. Nbd2 Bxc4 9. Nxc4 Re8 10. a5 a6 11. c3 Qd7 12. Qb3 Bf8 13. Bg5 Nh5 14. h3 h6 15. Bd2 Nf6 16. Ne3 g6 17. Nh2 Bg7 18. Nhg4 Nxg4 19. hxg4 Ne7 20. Ra4 Rab8 21. g3 Red8 22. c4 Nc6 23. Qd1 Nd4 24. Ra1 c6 25. Kg2 Rf8 26. Bc3 Rbd8 27. Rh1 Qe7 28. f4 exf4 29. gxf4 f5 30. Bxd4 Bxd4 31. gxf5 Bxe3 32. Qg4 Qg7 33. Kf3 h5 34. Qg5 Bd4 35. fxg6 Rf6 36. f5 Rdf8 37. Ke2 d5 38. Rxh5 Rxf5 39. exf5 Qe5+ 40. Kf3 Re8 41. Qd2 Be3 42. Qh2 Bf4 43. Rh8+ Qxh8 44. Qxh8+ 1-0

[Event "ESP-chT CECLUB Div1"]
[Site "Linares"]
[Date "2018.08.09"]
[Round "4.3"]
[White "Vega Gutierrez, Belinda Vidina"]
[Black "Garcia Molina, Jose"]
[Result "1/2-1/2"]
[WhiteElo "2165"]
[BlackElo "1969"]
[PlyCount "146"]
[EventDate "2018.08.06"]
[EventType "team-tourn"]
[EventRounds "7"]
[EventCountry "ESP"]
[SourceTitle "CBM 185 Extra"]
[Source "ChessBase"]
[SourceDate "2018.07.29"]
[SourceVersion "1"]
[SourceVersionDate "2018.07.29"]
[SourceQuality "1"]
[WhiteTeam "Santa Lucia Grandama"]
[BlackTeam "Silla Lopez Instalaciones"]
[WhiteTeamCountry "ESP"]
[BlackTeamCountry "ESP"]

1. e4 c5 2. Ne2 d6 3. g3 g6 4. Bg2 Bg7 5. c3 e5 6. d4 Qc7 7. 0-0 Ne7 8. Na3 0-0 9. Bg5 a6 10. Qd2 Nbc6 11. d5 Na7 12. h3 f5 13. exf5 Nxf5 14. g4 h6 15. gxf5 hxg5 16. fxg6 Qe7 17. Ng3 Rf4 18. Rae1 Bd7 19. Re4 Raf8 20. Qe2 Bh6 21. Nc2 Qg7 22. Qh5 Be8 23. Rxf4 exf4 24. Ne4 Bxg6 25. Qf3 Nc8 26. Re1 Bf5 27. Qe2 g4 28. hxg4 Bxg4 29. f3 Bf5 30. Kf2 Kh8 31. Rh1 Rg8 32. Ne1 Qg6 33. Kf1 Ne7 34. c4 Kg7 35. Qf2 Kf8 36. Qh4 Bg5 37. Nxg5 Qxg5 38. Qh6+ Ke8 39. Qxg5 Rxg5 40. Rh8+ Rg8 41. Rh5 b5 42. cxb5 axb5 43. Kf2 Bg6 44. Rh4 Nxd5 45. Bf1 c4 46. a4 Rf8 47. axb5 Nb6 48. Ng2 Rf5 49. Rxf4 Rxb5 50. Bxc4 Rxb2+ 51. Kg3 d5 52. Bf1 Ke7 53. Rd4 Kf6 54. Nf4 Bf7 55. Rd1 Rb3 56. Ba6 Ke5 57. Nd3+ Kd6 58. Nf4 Rb4 59. Bf1 Nc8 60. Bd3 Ne7 61. Bh7 Nc6 62. Be4 d4 63. Bxc6 Kxc6 64. Nd3 Rb5 65. Kf4 Bg8 66. Ke4 Bd5+ 67. Kxd4 Bxf3 68. Ne5+ Kd6 69. Nc4+ Ke6 70. Re1+ Kf6 71. Rf1 Rf5 72. Nd6 Rd5+ 73. Ke3 Ke5 1/2-1/2

[Event "Benasque op 38th"]
[Site "Benasque"]
[Date "2018.07.06"]
[Round "2"]
[White "Vocaturo, Daniele"]
[Black "Vega Gutierrez, Belinda Vidina"]
[Result "1-0"]
[WhiteElo "2609"]
[BlackElo "2165"]
[PlyCount "65"]
[EventDate "2018.07.05"]
[EventType "swiss"]
[EventRounds "10"]
[EventCountry "ESP"]
[SourceTitle "CBM 185 Extra"]
[Source "ChessBase"]
[SourceDate "2018.07.29"]
[SourceVersion "1"]
[SourceVersionDate "2018.07.29"]
[SourceQuality "1"]

1. e4 e5 2. Nf3 Nc6 3. d4 exd4 4. Nxd4 Bc5 5. Nb3 Bb6 6. Nc3 Nge7 7. Qe2 0-0 8. Be3 Bxe3 9. Qxe3 d6 10. 0-0-0 a5 11. Bb5 f5 12. f4 fxe4 13. Qxe4 Bf5 14. Qf3 Nb4 15. Nd4 c6 16. Be2 d5 17. a3 Na6 18. g4 Bd7 19. Bxa6 Rxa6 20. Rhe1 Kh8 21. f5 Ng8 22. Qg3 Qb8 23. Qxb8 Rxb8 24. Nf3 Nf6 25. Re7 Be8 26. Rde1 Raa8 27. g5 Nd7 28. Nd4 Nf8 29. Na4 Bh5 30. Nb6 Ra6 31. Nd7 Nxd7 32. Rxd7 Raa8 33. Ree7 1-0

[Event "Las Palmas Insular-chT Honor 1718"]
[Site "Las Palmas"]
[Date "2017.12.16"]
[Round "4.2"]
[White "Amador Garcia, Ismael"]
[Black "Vega Gutierrez, Belinda Vidina"]
[Result "0-1"]
[WhiteElo "1914"]
[BlackElo "2206"]
[PlyCount "82"]
[EventDate "2017.10.28"]
[EventType "team-tourn"]
[EventRounds "9"]
[EventCountry "ESP"]
[SourceTitle "EXT 2019"]
[Source "ChessBase"]
[SourceDate "2018.10.10"]
[SourceVersion "1"]
[SourceVersionDate "2018.10.10"]
[SourceQuality "1"]
[WhiteTeam "Fundacion La Caja de Canarias"]
[BlackTeam "Grandama"]
[WhiteTeamCountry "ESP"]
[BlackTeamCountry "ESP"]

1. e4 e5 2. Nf3 Nc6 3. Bb5 Nf6 4. d3 Ne7 5. 0-0 c6 6. Ba4 Ng6 7. Re1 Be7 8. d4 Qa5 9. Bb3 d6 10. h3 0-0 11. Nbd2 b5 12. c3 Bb7 13. Bc2 Rad8 14. Nf1 Rfe8 15. Ng3 h6 16. Be3 Bf8 17. Nh2 d5 18. exd5 Nxd5 19. Qg4 Nf6 20. Qd1 c5 21. Bxg6 fxg6 22. Qc2 exd4 23. cxd4 cxd4 24. Bd2 Rxe1+ 25. Rxe1 Qxa2 26. Qxg6 Qf7 27. Qf5 Qd5 28. Qxd5+ Nxd5 29. Nf5 Nf6 30. Nf3 Bxf3 31. gxf3 Kf7 32. Ra1 Ke6 33. Ng3 Rd7 34. Ra5 Rb7 35. Kf1 Kd5 36. b3 Nd7 37. Ne4 Ne5 38. Ke2 Nc6 39. Ra6 Rf7 40. Ng3 Bc5 41. Ra1 Bb4 0-1

[Event "Las Palmas Insular-chT Honor 1718"]
[Site "Las Palmas"]
[Date "2017.11.11"]
[Round "2.3"]
[White "Vega Gutierrez, Belinda Vidina"]
[Black "Garcia Padron, Jose"]
[Result "0-1"]
[WhiteElo "2206"]
[BlackElo "2411"]
[PlyCount "126"]
[EventDate "2017.10.28"]
[EventType "team-tourn"]
[EventRounds "9"]
[EventCountry "ESP"]
[SourceTitle "EXT 2019"]
[Source "ChessBase"]
[SourceDate "2018.10.10"]
[SourceVersion "1"]
[SourceVersionDate "2018.10.10"]
[SourceQuality "1"]
[WhiteTeam "Grandama"]
[BlackTeam "Villa de Teror"]
[WhiteTeamCountry "ESP"]
[BlackTeamCountry "ESP"]

1. e4 e5 2. Nf3 Nf6 3. Nc3 d6 4. d4 Nbd7 5. Bc4 Be7 6. 0-0 0-0 7. Re1 c6 8. a4 a5 9. b3 Qc7 10. Bb2 Nb6 11. Bf1 Bg4 12. dxe5 dxe5 13. h3 Bh5 14. g4 Bg6 15. Nh4 Rfe8 16. Nf5 Bf8 17. Ng3 Nfd7 18. Qf3 Nc5 19. h4 h6 20. Nd1 Ne6 21. Ne3 Nd4 22. Qg2 Be7 23. Ngf5 Bxf5 24. Bxd4 Be6 25. Qh2 Nd7 26. Bb2 Rad8 27. Nf5 Bf8 28. g5 h5 29. Rad1 Qb8 30. Bc3 b6 31. Qg3 g6 32. Ne3 Bb4 33. Nc4 Bxc3 34. Qxc3 Bxc4 35. Bxc4 Nc5 36. Qf3 Ne6 37. Qf6 Rd6 38. Bxe6 Rexe6 39. Qf3 Qd8 40. Kg2 f6 41. Rxd6 Rxd6 42. gxf6 Rxf6 43. Rd1 Qe7 44. Qd3 Rf8 45. Qc4+ Kh7 46. Qxc6 Qxh4 47. f3 Qg5+ 48. Kf2 h4 49. Qd7+ Kh6 50. Qd2 Rf4 51. Qe3 h3 52. Rg1 Qh4+ 53. Ke2 h2 54. Rh1 Qh3 55. Qf2 Rh4 56. c3 Kh5 57. b4 g5 58. bxa5 bxa5 59. c4 Qe6 60. Qc5 g4 61. f4 g3 62. f5 Rxe4+ 63. Kd3 Qxf5 0-1

[Event "ESP-ch 82nd"]
[Site "Las Palmas"]
[Date "2017.10.06"]
[Round "8"]
[White "Vega Gutierrez, Belinda Vidina"]
[Black "Montero Melendez, Rafael"]
[Result "0-1"]
[WhiteElo "2155"]
[BlackElo "2376"]
[PlyCount "80"]
[EventDate "2017.09.29"]
[EventType "swiss"]
[EventRounds "9"]
[EventCountry "ESP"]
[SourceTitle "CBM 181 Extra"]
[Source "ChessBase"]
[SourceDate "2017.12.12"]
[SourceVersion "1"]
[SourceVersionDate "2017.12.12"]
[SourceQuality "1"]

1. e4 c5 2. Nf3 a6 3. d4 cxd4 4. Nxd4 Nf6 5. Nc3 e5 6. Nf3 Bb4 7. Bd2 d6 8. Bd3 h6 9. h3 Be6 10. Qe2 Qc7 11. a3 Bc5 12. Na4 Ba7 13. c4 Nc6 14. b4 Nd4 15. Nxd4 Bxd4 16. Rc1 0-0 17. 0-0 Qd7 18. Nc3 Bxh3 19. Be3 Bg4 20. Qd2 Bxe3 21. Qxe3 Be6 22. Rfd1 Rac8 23. c5 dxc5 24. bxc5 Qc6 25. Nd5 Nxd5 26. exd5 Bxd5 27. Bf5 Rcd8 28. Qxe5 Bxg2 29. Rxd8 Rxd8 30. Qe7 Re8 31. Qd7 Bh1 32. Qxe8+ Qxe8 33. Kxh1 Qe5 34. Bh3 Qf4 35. Rf1 Qh4 36. Kh2 g5 37. f3 f5 38. Rb1 g4 39. fxg4 fxg4 40. Rg1 h5 0-1

[Event "ESP-ch 82nd"]
[Site "Las Palmas"]
[Date "2017.10.05"]
[Round "7"]
[White "Korneev, Oleg"]
[Black "Vega Gutierrez, Belinda Vidina"]
[Result "1-0"]
[WhiteElo "2550"]
[BlackElo "2155"]
[PlyCount "59"]
[EventDate "2017.09.29"]
[EventType "swiss"]
[EventRounds "9"]
[EventCountry "ESP"]
[SourceTitle "CBM 181 Extra"]
[Source "ChessBase"]
[SourceDate "2017.12.12"]
[SourceVersion "1"]
[SourceVersionDate "2017.12.12"]
[SourceQuality "1"]

1. e4 e5 2. Nf3 Nc6 3. Bb5 a6 4. Ba4 Nf6 5. d3 d6 6. 0-0 b5 7. Bb3 Be7 8. a3 0-0 9. Nc3 Bg4 10. Be3 Nd4 11. Bxd4 exd4 12. Nd5 c5 13. a4 Be6 14. Nxf6+ Bxf6 15. Bxe6 fxe6 16. Qe2 Qc7 17. Rfd1 Rfb8 18. axb5 axb5 19. g3 Rc8 20. h4 Rxa1 21. Rxa1 c4 22. Ng5 Qe7 23. Qg4 Re8 24. Qh5 h6 25. Ra7 Qf8 26. Rf7 hxg5 27. Rxf8+ Kxf8 28. hxg5 Bd8 29. Qh8+ Kf7 30. g6+ 1-0

[Event "ESP-ch (Women)"]
[Site "Linares"]
[Date "2017.08.22"]
[Round "2"]
[White "Acebal Muniz, Maria Concepcion"]
[Black "Vega Gutierrez, Belinda Vidina"]
[Result "0-1"]
[WhiteElo "1220"]
[BlackElo "2178"]
[PlyCount "64"]
[EventDate "2017.08.21"]
[EventType "swiss"]
[EventRounds "9"]
[EventCountry "ESP"]
[SourceTitle "CBM 180 Extra"]
[Source "ChessBase"]
[SourceDate "2017.10.06"]
[SourceVersion "1"]
[SourceVersionDate "2017.10.06"]
[SourceQuality "1"]

1. e4 e5 2. Nf3 Nc6 3. Bc4 Nf6 4. Ng5 d5 5. exd5 Na5 6. Bb5+ c6 7. dxc6 bxc6 8. Be2 h6 9. Nf3 e4 10. Ne5 Bd6 11. d4 exd3 12. Nxd3 Qc7 13. b3 0-0 14. Bb2 Ne4 15. Nc3 Re8 16. h3 Bf5 17. 0-0 Rad8 18. Kh1 Be5 19. Qe1 Bxc3 20. Bxc3 Nxc3 21. Qxc3 Rxe2 22. Rae1 Rde8 23. b4 Nb7 24. b5 c5 25. Ra1 Nd6 26. a4 Ne4 27. Qb3 c4 28. Qa3 cxd3 29. cxd3 Nxf2+ 30. Kg1 Nxh3+ 31. Kh1 Qg3 32. Rg1 Nf2# 0-1

[Event "ESP-chT CECLUB Div1"]
[Site "Linares"]
[Date "2017.08.19"]
[Round "6.3"]
[White "Rodrigo Yanguas, Maria"]
[Black "Vega Gutierrez, Belinda Vidina"]
[Result "1/2-1/2"]
[WhiteElo "2076"]
[BlackElo "2178"]
[PlyCount "88"]
[EventDate "2017.08.14"]
[EventType "team"]
[EventRounds "7"]
[EventCountry "ESP"]
[SourceTitle "CBM 180 Extra"]
[Source "ChessBase"]
[SourceDate "2017.10.06"]
[SourceVersion "1"]
[SourceVersionDate "2017.10.06"]
[SourceQuality "1"]
[WhiteTeam "Virgen de Atocha"]
[BlackTeam "Real Oviedo"]
[WhiteTeamCountry "ESP"]
[BlackTeamCountry "ESP"]

1. e4 e5 2. Nf3 Nc6 3. Nc3 Bb4 4. Nd5 Ba5 5. Bc4 Nf6 6. 0-0 0-0 7. d3 h6 8. c3 Rb8 9. a4 a6 10. b4 b5 11. axb5 axb5 12. Bxb5 Rxb5 13. bxa5 Nxd5 14. exd5 Rxd5 15. a6 e4 16. Nd4 Nxd4 17. dxe4 Rd6 18. a7 Bb7 19. cxd4 Re8 20. f3 Qa8 21. Be3 f5 22. Qb3+ Kh8 23. exf5 Ba6 24. Rfe1 Qxa7 25. Qf7 Rg8 26. d5 Qa8 27. Bf4 Rf6 28. Qxd7 Rd8 29. Qxc7 Qxd5 30. Be5 Rf7 31. Qb6 Bc8 32. f6 g6 33. Ra7 Bb7 34. Rb1 Rdd7 35. Ba1 Kh7 36. Ra5 Qd2 37. Re5 Qd3 38. Kf2 Qd2+ 39. Re2 Qf4 40. Kg1 Qc4 41. Ree1 Qh4 42. Re7 Rdxe7 43. fxe7 Rxe7 44. g3 Qg5 1/2-1/2

[Event "ESP-chT CECLUB Div1"]
[Site "Linares"]
[Date "2017.08.14"]
[Round "1.4"]
[White "Ortin Blanco, Ainhoa"]
[Black "Vega Gutierrez, Belinda Vidina"]
[Result "0-1"]
[WhiteElo "1961"]
[BlackElo "2178"]
[PlyCount "142"]
[EventDate "2017.08.14"]
[EventType "team"]
[EventRounds "7"]
[EventCountry "ESP"]
[SourceTitle "CBM 180 Extra"]
[Source "ChessBase"]
[SourceDate "2017.10.06"]
[SourceVersion "1"]
[SourceVersionDate "2017.10.06"]
[SourceQuality "1"]
[WhiteTeam "Casablanca Stadium"]
[BlackTeam "Real Oviedo"]
[WhiteTeamCountry "ESP"]
[BlackTeamCountry "ESP"]

1. d4 Nf6 2. c4 g6 3. Nc3 d5 4. cxd5 Nxd5 5. Bd2 Bg7 6. e4 Nb6 7. Be3 0-0 8. Bb5 Be6 9. Nge2 Nc4 10. Bc1 a6 11. Ba4 c5 12. d5 Bg4 13. Bb3 Nd6 14. h3 Bc8 15. 0-0 b5 16. Bc2 e5 17. dxe6 Bxe6 18. Be3 Qc7 19. Nd5 Bxd5 20. Qxd5 Nc4 21. Bxc5 Nb6 22. Bxb6 Qxb6 23. Rab1 Nc6 24. b4 Rfd8 25. Qg5 Nd4 26. Nxd4 Rxd4 27. Bb3 Qd6 28. Bd5 Rc8 29. a3 Rc3 30. Ra1 h6 31. Qg4 Rd2 32. Rad1 Rxd1 33. Rxd1 Qf6 34. Qd7 Rxa3 35. Qc6 Qxc6 36. Bxc6 a5 37. Bxb5 axb4 38. Bd3 b3 39. Kf1 b2 40. Ke2 Be5 41. g3 g5 42. Rb1 Kf8 43. Ke3 Ke7 44. f4 gxf4+ 45. gxf4 Bxf4+ 46. Kxf4 Rxd3 47. Rxb2 Rxh3 48. Kf5 Rh5+ 49. Kf4 Kf6 50. Rb6+ Kg7 51. Rb3 f6 52. Rg3+ Kf7 53. Rb3 Rh4+ 54. Kf5 Rh5+ 55. Kf4 Ra5 56. Rc3 h5 57. Rg3 Ke6 58. Rg2 h4 59. Rh2 Rh5 60. Rh3 Rh8 61. Kf3 Ke5 62. Ke3 Rh5 63. Kf3 Kd4 64. Kf4 Re5 65. Rxh4 Rxe4+ 66. Kg3 Rxh4 67. Kxh4 Ke4 68. Kg3 f5 69. Kg2 Ke3 70. Kf1 Kf3 71. Kg1 Ke2 0-1

[Event "ESP-ch rapid"]
[Site "Linares"]
[Date "2017.08.13"]
[Round "4"]
[White "Almagro Llamas, Pablo"]
[Black "Vega Gutierrez, Belinda Vidina"]
[Result "1-0"]
[WhiteElo "2466"]
[BlackElo "2178"]
[PlyCount "85"]
[EventDate "2017.08.13"]
[EventType "swiss (rapid)"]
[EventRounds "9"]
[EventCountry "ESP"]
[SourceTitle "CBM 179 Extra"]
[Source "ChessBase"]
[SourceDate "2017.08.23"]
[SourceVersion "1"]
[SourceVersionDate "2017.08.23"]
[SourceQuality "1"]

1. d4 d5 2. c4 e6 3. Nc3 Nf6 4. Bg5 Be7 5. e3 h6 6. Bh4 0-0 7. Nf3 b6 8. Qc2 Bb7 9. Rd1 Nbd7 10. cxd5 exd5 11. Bd3 Re8 12. 0-0 Ne4 13. Bg3 Nxg3 14. hxg3 Nf6 15. Ne5 Bd6 16. f4 c5 17. Qf2 a6 18. Qf3 c4 19. Bxc4 b5 20. Bb3 Rc8 21. Nxd5 Bxd5 22. Bxd5 Nxd5 23. Qxd5 Bxe5 24. Qxd8 Rexd8 25. fxe5 Rc4 26. Rf2 a5 27. Rfd2 a4 28. Kf2 b4 29. Kf3 Kf8 30. Ke4 b3 31. axb3 axb3 32. Rd3 Rc2 33. Rxb3 Rxg2 34. Kf3 Rc2 35. Rb7 g5 36. Kg4 Re2 37. Rf1 Rxe3 38. Rfxf7+ Kg8 39. Rg7+ Kh8 40. Rgd7 Re4+ 41. Kh5 Rxd4 42. Rh7+ Kg8 43. Kg6 1-0